Muhammad. (Record no. 348437)

000 -LEADER
fixed length control field 00379 a2200145 4500
020 ## - INTERNATIONAL STANDARD BOOK NUMBER
International Standard Book Number 969519088X
082 ## - DEWEY DECIMAL CLASSIFICATION NUMBER
Classification number 297.63
090 ## - LOCALLY ASSIGNED LC-TYPE CALL NUMBER (OCLC); LOCAL CALL NUMBER (RLIN)
-- 6049
-- 6049
100 ## - MAIN ENTRY--PERSONAL NAME
Personal name Lings,Martin.
245 ## - TITLE STATEMENT
Title Muhammad.
Remainder of title His life based on the earliest sources.
Statement of responsibility, etc. Lings,Martin.
260 ## - PUBLICATION, DISTRIBUTION, ETC.
Place of publication, distribution, etc. Lahore.
Name of publisher, distributor, etc. Suhail Academy.
Date of publication, distribution, etc. 2005.
300 ## - PHYSICAL DESCRIPTION
Extent 361p.
500 ## - GENERAL NOTE
General note Hardcover.
942 ## - ADDED ENTRY ELEMENTS (KOHA)
Institution code [OBSOLETE] NBS
Koha item type Book
Call number prefix 297.63 LIN
Holdings
Withdrawn status Lost status Damaged status Not for loan Permanent Location Current Location Shelving location Date acquired Total Checkouts Total Renewals Full call number Barcode Date last seen Date last checked out Price effective from Koha item type
        NUST Law School (NLS) NUST Law School (NLS) First Floor - Islam 08/28/2013 6 10 297.63 LIN NBSD-1464 01/31/2025 12/13/2024 08/28/2013 Book
© 2023 Central Library, National University of Sciences and Technology. All Rights Reserved.